Normal view
MARC view
- Barber, Geoffrey
Entry Personal Name
001 - CONTROL NUMBER
- control field: 45231
003 - CONTROL NUMBER IDENTIFIER
- control field: NUST
005 - DATE AND TIME OF LATEST TRANSACTION
- control field: 20210314133206.0
008 - FIXED-LENGTH DATA ELEMENTS
- fixed length control field: 210314|| aca||aabn | a|a d
040 ## - CATALOGING SOURCE
- Original cataloging agency: NUST
- Transcribing agency: NUST
100 ## - HEADING--PERSONAL NAME
- Personal name: Barber, Geoffrey
670 ## - SOURCE DATA FOUND
- Source citation: Work cat.: (NUST): Barber, Geoffrey., Builders' plant and equipment /, 1973.
